Software Engineering / (Record no. 13799)
[ view plain ]
| 000 -LEADER | |
|---|---|
| fixed length control field | 00884nac a22002651u 4500 |
| 008 - FIXED-LENGTH DATA ELEMENTS--GENERAL INFORMATION | |
| fixed length control field | 090303t2008 ii||||| |||| 001 0 eng d |
| 010 ## - LIBRARY OF CONGRESS CONTROL NUMBER | |
| LC control number | 2006042861 |
| 020 ## - INTERNATIONAL STANDARD BOOK NUMBER | |
| International Standard Book Number | 9788122423600 |
| 020 ## - INTERNATIONAL STANDARD BOOK NUMBER | |
| International Standard Book Number | 8122423604 |
| 035 ## - SYSTEM CONTROL NUMBER | |
| System control number | (OCoLC)ocm65978675 |
| 082 00 - DEWEY DECIMAL CLASSIFICATION NUMBER | |
| Classification number | 005.1 |
| Item number | AGG |
| Edition number | 22 |
| 100 ## - MAIN ENTRY--PERSONAL NAME | |
| Personal name | Aggarwal, K.K. |
| 9 (RLIN) | 13191 |
| 245 10 - TITLE STATEMENT | |
| Title | Software Engineering / |
| Statement of responsibility, etc | K.K. Aggarwal, Yogesh Singh. |
| 250 ## - EDITION STATEMENT | |
| Edition statement | 3rd ed. |
| 260 ## - PUBLICATION, DISTRIBUTION, ETC. (IMPRINT) | |
| Place of publication, distribution, etc | [New Delhi] ; |
| Name of publisher, distributor, etc | New Age International, |
| Date of publication, distribution, etc | c.2008. |
| 300 ## - PHYSICAL DESCRIPTION | |
| Extent | 507p. : |
| Other physical details | ill. ; |
| Dimensions | 24 cm. |
| 500 ## - GENERAL NOTE | |
| General note | Includes Index. |
| 500 ## - GENERAL NOTE | |
| General note | Includes CD. |
| 504 ## - BIBLIOGRAPHY, ETC. NOTE | |
| Bibliography, etc | Includes bibliographical references and indexes. |
| 650 #0 - SUBJECT ADDED ENTRY--TOPICAL TERM | |
| Topical term or geographic name as entry element | Software engineering. |
| 9 (RLIN) | 3832 |
| 655 ## - INDEX TERM--GENRE/FORM | |
| -- | 2190 |
| Genre/form data or focus term | Software Engineering . |
| General subdivision | Computer Science |
| 655 ## - INDEX TERM--GENRE/FORM | |
| -- | 2199 |
| Genre/form data or focus term | Software Engineering 2- year 2. |
| Form subdivision | |
| General subdivision | Computer Science |
| 700 ## - ADDED ENTRY--PERSONAL NAME | |
| Personal name | Singh, Yogesh. |
| 9 (RLIN) | 13192 |
| 942 ## - ADDED ENTRY ELEMENTS (KOHA) | |
| Item type | Book - Borrowing |
| Call number prefix | 005.1 SOM |
| Source of classification or shelving scheme | Dewey Decimal Classification |
| Withdrawn status | Item status | Source of classification or shelving scheme | Damaged status | Not for loan | Vendor | Home library | Current library | Shelving location | Date acquired | Source of acquisition | Cost, normal purchase price | Serial Enumeration / chronology | Total Checkouts | Total Renewals | Full call number | Barcode | Date last seen | Date last borrowed | Koha item type |
|---|---|---|---|---|---|---|---|---|---|---|---|---|---|---|---|---|---|---|---|
| Dewey Decimal Classification | Alahram | Central Library | Central Library | Lower Floor | 28/03/2010 | 77.00 | 40 | 1 | 2 | 005.1 AGG | 000019785 | 15/07/2025 | 29/03/2016 | Book - Borrowing | |||||
| Dewey Decimal Classification | Alahram | Central Library | Central Library | Lower Floor | 28/03/2010 | 77.00 | 40 | 005.1 AGG | 000019786 | 24/08/2022 | CD | DVD - With book |